[Event "XV Konik Morski Rewala - Open B"]
[Site "Rewal"]
[Date "2010.08.25"]
[Round "6.48"]
[White "Kopica, Paulina"]
[Black "Jewulski, Krzysztof"]
[Result "0-1"]
[WhiteElo "1567"]
[BlackElo "2002"]
[PlyCount "102"]
[EventDate "2010.??.??"]

1. e4 e5 2. Nf3 Nf6 3. Nxe5 d6 4. Nf3 Nxe4 5. d4 d5 6. Bd3 Be7 7. h3 O-O 8. O-O
Bf5 9. Bf4 Nc6 10. Nbd2 Bg6 11. Qe2 Bd6 12. Bxd6 Nxd6 13. Bxg6 hxg6 14. Rfe1
Re8 15. Qd3 Qf6 16. c3 Qf5 17. Qxf5 gxf5 18. Ne5 Nxe5 19. Rxe5 c6 20. Rae1 f6
21. Rxe8+ Rxe8 22. Rxe8+ Nxe8 23. f3 Nd6 24. Kf2 f4 25. g3 fxg3+ 26. Kxg3 Kf7
27. Kg4 Ke6 28. Nb3 b6 29. Nd2 Nf5 30. Nf1 c5 31. dxc5 bxc5 32. f4 Nd6 33. Kf3
d4 34. cxd4 cxd4 35. Nd2 Kd5 36. b4 Nc4 37. Nb3 Na3 38. Nd2 Nc2 39. b5 Na3 40.
Ne4 Nxb5 41. Ng3 Nd6 42. Nh5 Nf5 43. Ke2 Ke4 44. Kd2 d3 45. a3 Kd4 46. a4 a5
47. h4 Ke4 48. Kd1 Ke3 49. Ke1 d2+ 50. Kd1 Kd3 51. Nxg7 Ne3# 0-1

[Event "XV Konik Morski Rewala - Open B"]
[Site "Rewal"]
[Date "2010.08.25"]
[Round "6.50"]
[White "Bieniek, Kazimierz"]
[Black "Mirski, Roman (j)"]
[Result "0-1"]
[WhiteElo "1696"]
[BlackElo "1568"]
[PlyCount "144"]
[EventDate "2010.??.??"]

1. d4 Nf6 2. c4 e6 3. Nc3 b6 4. e4 Bb7 5. e5 Ne4 6. Qd3 Bb4 7. a3 Bxc3+ 8. bxc3
Qh4 9. Be3 O-O 10. Nf3 Qg4 11. h3 Qg6 12. O-O-O d6 13. Be2 f6 14. Nh4 Qf7 15.
f3 Ng3 16. f4 Nxh1 17. Rxh1 Qe7 18. Kb2 fxe5 19. Nf3 exf4 20. Bf2 e5 21. Qc2 e4
22. Bh4 Qd7 23. Ng5 Qf5 24. Bg4 Qg6 25. d5 Re8 26. Ne6 Na6 27. Nxf4 Qh6 28.
Be6+ Kh8 29. Qxe4 Nc5 30. Qd4 Nxe6 31. Nxe6 c5 32. Qf2 b5 33. Rf1 Kg8 34. Qf7+
Kh8 35. Bg5 Qg6 36. Qxb7 bxc4 37. Qxg7+ Qxg7 38. Bf6 Qxf6 39. Rxf6 Rab8+ 40.
Kc2 Rb3 41. Rf4 Rxa3 42. Rxc4 Ra2+ 43. Kd3 Rxg2 44. Ra4 Rg3+ 45. Kd2 Re7 46.
Rh4 Rf7 47. Nf4 Rf5 48. c4 a5 49. Kc2 Kg7 50. Nh5+ Rxh5 51. Rxh5 Kg6 52. Rh4 h5
53. Re4 Kf7 54. h4 Rg4 55. Re6 Rxc4+ 56. Kb3 Rxh4 57. Rxd6 Rd4 58. Rc6 Rxd5 59.
Ka4 Kg7 60. Kxa5 h4 61. Re6 h3 62. Re2 Rh5 63. Rh2 Kg6 64. Kb5 Kf6 65. Kc4 Kf5
66. Kxc5 Kg4+ 67. Kd4 Kg3 68. Re2 Rf5 69. Ke4 Rf7 70. Re1 Kg2 71. Ke3 h2 72.
Rh1 Rf1 0-1

[Event "XV Konik Morski Rewala - Open B"]
[Site "Rewal"]
[Date "2010.08.25"]
[Round "6.51"]
[White "Zezulkin, Alina"]
[Black "Krolak, Dominika"]
[Result "0-1"]
[WhiteElo "1653"]
[BlackElo "1443"]
[PlyCount "112"]
[EventDate "2010.??.??"]

1. e4 c5 2. Nf3 Nc6 3. d4 cxd4 4. Nxd4 e5 5. Nf3 Nf6 6. Bd3 d5 7. Nbd2 dxe4 8.
Nxe4 Nxe4 9. Bxe4 Qxd1+ 10. Kxd1 Bg4 11. h3 O-O-O+ 12. Bd2 Bxf3+ 13. Bxf3 Nd4
14. Be4 f5 15. Bd3 e4 16. Bc4 g6 17. c3 Nc6 18. Kc2 Bc5 19. Rhf1 Ne5 20. Be6+
Kc7 21. Bf4 Bd6 22. Bg5 Rde8 23. Bb3 Be7 24. Bf4 Bd6 25. Rad1 h6 26. Rd2 g5 27.
Be3 f4 28. Bxa7 Rhf8 29. Rfd1 Be7 30. Bd4 Bf6 31. Bd5 Nd3 32. Bxf6 Rxf6 33.
Bxe4 Nxf2 34. Bf3 Nxd1 35. Rxd1 b6 36. a4 Rd6 37. Ra1 Re5 38. b4 Kb8 39. c4 Re3
40. a5 bxa5 41. Rxa5 Rdd3 42. c5 Rc3+ 43. Kd2 Red3+ 44. Ke2 Rd4 45. Rb5+ Kc8
46. c6 Re3+ 47. Kf2 Rd2+ 48. Kg1 Re1+ 49. Kh2 Rc2 50. Rf5 Rcc1 51. Rf8+ Kc7 52.
Rf7+ Kd6 53. Rd7+ Ke5 54. g3 Rc2+ 55. Bg2 fxg3+ 56. Kxg3 Rg1 0-1

[Event "XV Konik Morski Rewala - Open B"]
[Site "Rewal"]
[Date "2010.08.26"]
[Round "7.1"]
[White "Krajewicz, Pawel"]
[Black "Kaczmarek, Aleksander"]
[Result "1/2-1/2"]
[WhiteElo "2005"]
[BlackElo "2012"]
[PlyCount "38"]
[EventDate "2010.??.??"]

1. d4 Nf6 2. c4 c5 3. d5 e6 4. Nc3 d6 5. e4 a6 6. Nf3 Be7 7. h3 exd5 8. exd5
Bf5 9. Bd3 Bxd3 10. Qxd3 Nbd7 11. O-O O-O 12. Bf4 Rb8 13. Rfe1 Re8 14. g4 Bf8
15. Rxe8 Qxe8 16. Re1 Qc8 17. Ng5 b5 18. b3 bxc4 19. bxc4 Rb4 1/2-1/2

[Event "XV Konik Morski Rewala - Open B"]
[Site "Rewal"]
[Date "2010.08.26"]
[Round "7.2"]
[White "Karcz, Bartlomiej"]
[Black "Zakrzewski, Marek"]
[Result "0-1"]
[WhiteElo "1988"]
[BlackElo "1991"]
[PlyCount "30"]
[EventDate "2010.??.??"]

1. e4 Nc6 2. Nf3 e5 3. Bb5 f5 4. d3 fxe4 5. dxe4 Nf6 6. O-O Bc5 7. Bg5 d6 8.
Nc3 h6 9. Bh4 O-O 10. Nd5 g5 11. Nxf6+ Qxf6 12. Bg3 Bg4 13. Be2 Ne7 14. h4 Bxf3
15. hxg5 Qxg5 0-1

[Event "XV Konik Morski Rewala - Open B"]
[Site "Rewal"]
[Date "2010.08.26"]
[Round "7.3"]
[White "Szmidt, Przemyslaw"]
[Black "Szczecina, Michal"]
[Result "1/2-1/2"]
[WhiteElo "2033"]
[BlackElo "2100"]
[PlyCount "32"]
[EventDate "2010.??.??"]

1. e4 c6 2. d4 d5 3. Nc3 dxe4 4. Nxe4 Bf5 5. Ng3 Bg6 6. h4 h6 7. Nf3 Nd7 8. h5
Bh7 9. Bd3 Bxd3 10. Qxd3 Qc7 11. Rh4 e6 12. Bf4 Bd6 13. Bxd6 Qxd6 14. O-O-O
Ngf6 15. Ne4 Nxe4 16. Qxe4 Qd5 1/2-1/2

[Event "XV Konik Morski Rewala - Open B"]
[Site "Rewal"]
[Date "2010.08.26"]
[Round "7.4"]
[White "Koziej, Maciej"]
[Black "Gonsior, Monika"]
[Result "1-0"]
[WhiteElo "2025"]
[BlackElo "2087"]
[PlyCount "74"]
[EventDate "2010.??.??"]

1. e4 e5 2. Nf3 Nc6 3. Nc3 Bc5 4. Nxe5 Bxf2+ 5. Kxf2 Nxe5 6. d4 Nc6 7. Be3 d6
8. Be2 Nf6 9. Rf1 Qe7 10. Bf3 h6 11. Kg1 O-O 12. Qd2 Kh7 13. Rae1 Bd7 14. Nd5
Qd8 15. Qd3 g6 16. Qd2 Ng8 17. Be2 Nce7 18. Nf4 c6 19. Bd3 Qc7 20. h4 Rae8 21.
c4 Nf6 22. e5 Ng4 23. e6 Bxe6 24. Nxe6 fxe6 25. h5 Nf5 26. hxg6+ Kxg6 27. Rf4
h5 28. d5 Ngh6 29. dxe6 Rxe6 30. Bxa7 Rxe1+ 31. Qxe1 Kg7 32. Qf2 Qd7 33. Bd4+
Kg8 34. Bc3 Ng4 35. Qf3 Ngh6 36. Qxh5 Qe6 37. Qg5+ Kh7 1-0

[Event "XV Konik Morski Rewala - Open B"]
[Site "Rewal"]
[Date "2010.08.26"]
[Round "7.5"]
[White "Janus, Przemyslaw"]
[Black "Botor, Michal"]
[Result "1-0"]
[WhiteElo "2085"]
[BlackElo "1987"]
[PlyCount "63"]
[EventDate "2010.??.??"]

1. d4 d5 2. c4 e6 3. Nc3 c6 4. Nf3 Nf6 5. Bg5 Be7 6. e3 O-O 7. Qc2 Nbd7 8. Rd1
b6 9. Bd3 Bb7 10. O-O Rc8 11. Qe2 dxc4 12. Bxc4 Nd5 13. Nxd5 Bxg5 14. Nc3 Be7
15. Rd2 Qc7 16. Rfd1 Rfd8 17. a3 b5 18. Bd3 a6 19. b4 a5 20. Rb1 axb4 21. axb4
Ra8 22. Ra2 Nb6 23. Rxa8 Rxa8 24. Qc2 h6 25. Nxb5 Qb8 26. Nc3 Nd7 27. Ne4 Ra3
28. Nc5 Nxc5 29. bxc5 Qa8 30. Ne5 Ba6 31. Bh7+ Kf8 32. Be4 1-0

[Event "XV Konik Morski Rewala - Open B"]
[Site "Rewal"]
[Date "2010.08.26"]
[Round "7.6"]
[White "Czernicki, Bogdan"]
[Black "Tobolski, Jakub"]
[Result "1/2-1/2"]
[WhiteElo "1960"]
[BlackElo "2073"]
[PlyCount "55"]
[EventDate "2010.??.??"]

1. e4 e5 2. c4 d6 3. d3 g6 4. Nc3 Bg7 5. g3 Ne7 6. Bg2 O-O 7. Nge2 c6 8. O-O f5
9. f4 Nd7 10. Be3 Nf6 11. h3 Be6 12. b3 Qd7 13. Kh2 Nh5 14. Rc1 d5 15. exd5
cxd5 16. Bc5 d4 17. Bxe7 Qxe7 18. Nd5 Qd6 19. Bf3 Kh8 20. Bxh5 gxh5 21. fxe5
Bxe5 22. Ndf4 Bf7 23. Qe1 Rg8 24. Qf2 Rg5 25. Qf3 Rag8 26. Rg1 h4 27. Rcf1 a5
28. Qf2 1/2-1/2

[Event "XV Konik Morski Rewala - Open B"]
[Site "Rewal"]
[Date "2010.08.26"]
[Round "7.7"]
[White "Dowgird, Filip"]
[Black "Poswiatowski, Michal"]
[Result "1-0"]
[WhiteElo "2096"]
[BlackElo "1925"]
[PlyCount "59"]
[EventDate "2010.??.??"]

1. e4 c5 2. Nf3 d6 3. c3 Nf6 4. g3 Bg4 5. h3 Bxf3 6. Qxf3 Nc6 7. d3 e6 8. Bg2
Be7 9. O-O Qd7 10. Nd2 O-O-O 11. a3 Rdg8 12. b4 g5 13. Qe3 h5 14. d4 cxd4 15.
cxd4 d5 16. e5 Ne8 17. Nb3 Ng7 18. b5 Nd8 19. Qd3 f5 20. exf6 Bxf6 21. Nc5 Qf7
22. Bb2 Kb8 23. Rac1 Ne8 24. a4 Nd6 25. Ba3 Nc4 26. Rxc4 dxc4 27. Qxc4 Ka8 28.
Ne4 a6 29. Qc8+ Ka7 30. b6+ 1-0

[Event "XV Konik Morski Rewala - Open B"]
[Site "Rewal"]
[Date "2010.08.26"]
[Round "7.8"]
[White "Starczewska, Dominika"]
[Black "Choroszej, Aleksander"]
[Result "1/2-1/2"]
[WhiteElo "1886"]
[BlackElo "2095"]
[PlyCount "40"]
[EventDate "2010.??.??"]

1. e4 g6 2. d4 Bg7 3. Nc3 d6 4. f4 Nf6 5. Nf3 O-O 6. Be2 c5 7. dxc5 Qa5 8. Bd3
Qxc5 9. Qe2 Nc6 10. Be3 Qb4 11. O-O Bg4 12. Qf2 Bxf3 13. gxf3 Nh5 14. Rab1 Qa5
15. Kh1 e5 16. fxe5 dxe5 17. Bc5 Rfe8 18. b4 Qd8 19. Nd5 Nf4 20. Bc4 Bf8
1/2-1/2

[Event "XV Konik Morski Rewala - Open B"]
[Site "Rewal"]
[Date "2010.08.26"]
[Round "7.9"]
[White "Nowak, Ryszard"]
[Black "Galaszewski, Patryk"]
[Result "1-0"]
[WhiteElo "2091"]
[BlackElo "1829"]
[PlyCount "77"]
[EventDate "2010.??.??"]

1. c4 g6 2. Nc3 Bg7 3. g3 d6 4. Bg2 e5 5. e3 Ne7 6. Nge2 O-O 7. O-O f5 8. d4 c6
9. dxe5 dxe5 10. Qxd8 Rxd8 11. b3 Be6 12. Ba3 Kf7 13. Rad1 Na6 14. Na4 Bf8 15.
e4 Ng8 16. Bxf8 Kxf8 17. f4 exf4 18. Nxf4 Rxd1 19. Rxd1 Ke7 20. Nxe6 Kxe6 21.
exf5+ gxf5 22. a3 Ke7 23. Kf2 Rd8 24. Rxd8 Kxd8 25. Ke3 Ke7 26. b4 Nb8 27. Nc5
b6 28. Nb3 Kf6 29. c5 Ne7 30. Kd4 b5 31. Na5 a6 32. Bf3 Ke6 33. Nb7 Kf6 34. Nd8
h6 35. h3 h5 36. Bxh5 f4 37. gxf4 Kf5 38. Bf3 Kxf4 39. Be4 1-0

[Event "XV Konik Morski Rewala - Open B"]
[Site "Rewal"]
[Date "2010.08.26"]
[Round "7.10"]
[White "Weglarz, Joanna"]
[Black "Faron, Rafal"]
[Result "1/2-1/2"]
[WhiteElo "2037"]
[BlackElo "1760"]
[PlyCount "46"]
[EventDate "2010.??.??"]

1. e4 c5 2. Nf3 e6 3. c3 a6 4. d4 cxd4 5. cxd4 d6 6. Bd3 Nf6 7. O-O Be7 8. Nc3
O-O 9. h3 Nc6 10. Be3 Nb4 11. Bb1 Bd7 12. a3 Nc6 13. Bd3 Rc8 14. Rc1 Na5 15.
Qe2 b5 16. e5 Ne8 17. Ne4 d5 18. Rxc8 Bxc8 19. Neg5 g6 20. h4 Nc4 21. Bc1 Ng7
22. g4 Bd7 23. Kg2 Qb6 1/2-1/2

[Event "XV Konik Morski Rewala - Open B"]
[Site "Rewal"]
[Date "2010.08.26"]
[Round "7.11"]
[White "Kuspak, Aleksander"]
[Black "Ziebinski, Bartosz"]
[Result "1/2-1/2"]
[WhiteElo "1832"]
[BlackElo "1954"]
[PlyCount "117"]
[EventDate "2010.??.??"]

1. e4 e5 2. Nf3 Nc6 3. Nc3 Nf6 4. a3 d5 5. Bb5 d4 6. Ne2 Bd7 7. d3 Bd6 8. c3
dxc3 9. bxc3 a6 10. Bc4 b5 11. Ba2 h6 12. Ng3 O-O 13. O-O a5 14. Re1 b4 15. Bb2
Rb8 16. axb4 axb4 17. cxb4 Bxb4 18. Re2 Bg4 19. Rc2 Rb6 20. h3 Bxf3 21. Qxf3 g6
22. Ne2 Be7 23. Rd2 Bc5 24. Rc1 Nd7 25. Qg3 Kh7 26. d4 Bd6 27. dxe5 Ncxe5 28.
f4 Nc6 29. e5 Bb4 30. Rd3 Qe7 31. Kh2 Nc5 32. Rdd1 Na4 33. Ba1 Ba3 34. Rc2 Bb2
35. Bxb2 Nxb2 36. Rdc1 Qd7 37. Qf3 Nd3 38. Rxc6 Nxc1 39. Rxb6 Nxe2 40. Rf6 Nd4
41. Qe4 Nf5 42. e6 Qe7 43. Qe5 fxe6 44. Rxe6 Qg7 45. Qc5 Nd6 46. Bb1 Nf5 47.
Qb4 Rf6 48. Re8 Nd6 49. Ra8 Rf8 50. Ra7 Qf7 51. Ba2 Qxf4+ 52. Qxf4 Rxf4 53.
Rxc7+ Kh8 54. Bb1 Rf6 55. Kg3 Nf5+ 56. Bxf5 Rxf5 57. h4 Kg8 58. Kh3 Rd5 59. Re7
1/2-1/2

[Event "XV Konik Morski Rewala - Open B"]
[Site "Rewal"]
[Date "2010.08.26"]
[Round "7.14"]
[White "Szydlowski, Kazimierz"]
[Black "Mirski, Michal"]
[Result "0-1"]
[WhiteElo "1906"]
[BlackElo "1700"]
[PlyCount "90"]
[EventDate "2010.??.??"]

1. e4 c5 2. Nf3 a6 3. c4 Nc6 4. d4 cxd4 5. Nxd4 Nf6 6. Nc3 e5 7. Nc2 d6 8. Be2
Be7 9. Be3 O-O 10. f3 Be6 11. Qd2 Rc8 12. Rd1 Nd7 13. O-O f5 14. Nd5 Bxd5 15.
exd5 Ncb8 16. Qb4 b6 17. Na3 Nc5 18. Qd2 Nbd7 19. b4 Nb7 20. Nb1 h6 21. Nc3 Bg5
22. Na4 Bxe3+ 23. Qxe3 Qc7 24. Rc1 f4 25. Qf2 b5 26. Nb2 bxc4 27. Nxc4 Qb8 28.
Rfd1 a5 29. bxa5 Rc5 30. a6 Na5 31. Rb1 Qc7 32. Nxa5 Rxa5 33. Rb7 Qc8 34. Rb2
Nc5 35. Rc1 Qc7 36. Rb7 Qd8 37. Rb2 Qa8 38. Qf1 Kh8 39. Qe1 Ra4 40. Bc4 Rb8 41.
Rxb8+ Qxb8 42. Rb1 Qa7 43. Qe2 Rxc4 44. Qb2 Nd3+ 45. Qb6 Qxb6+ 0-1

[Event "XV Konik Morski Rewala - Open B"]
[Site "Rewal"]
[Date "2010.08.26"]
[Round "7.15"]
[White "Mostowski, Boguslaw"]
[Black "Szydlowska-Duda, Marta"]
[Result "0-1"]
[WhiteElo "1779"]
[BlackElo "2063"]
[PlyCount "100"]
[EventDate "2010.??.??"]

1. e4 d5 2. exd5 Qxd5 3. Nc3 Qa5 4. d4 Nf6 5. Nf3 Bg4 6. h3 Bh5 7. g4 Bg6 8.
Ne5 e6 9. Bg2 c6 10. h4 Be4 11. Bxe4 Nxe4 12. Qf3 Nd6 13. Bd2 f6 14. Ne4 Qd8
15. Nd3 Nxe4 16. Qxe4 Qd5 17. Qxd5 exd5 18. O-O-O Bd6 19. f4 Nd7 20. Rde1+ Kf7
21. f5 Nb6 22. Re6 Nc4 23. Bf4 Rad8 24. Rhe1 Rhe8 25. c3 Bxf4+ 26. Nxf4 Nd6 27.
Kc2 Ne4 28. Re2 g6 29. fxg6+ hxg6 30. Rxe8 Rxe8 31. Kd3 g5 32. hxg5 fxg5 33.
Nh5 Kg6 34. Ng3 Nf6 35. Rxe8 Nxe8 36. b3 Nf6 37. c4 Nxg4 38. Ke2 Nh6 39. Kf3
Nf5 40. Ne2 Kh5 41. cxd5 cxd5 42. a3 Kh4 43. Kg2 Kg4 44. Kf2 Nd6 45. Nc3 Ne4+
46. Nxe4 dxe4 47. Ke3 Kf5 48. b4 b5 49. Kf2 Kf4 50. d5 Ke5 0-1

[Event "XV Konik Morski Rewala - Open B"]
[Site "Rewal"]
[Date "2010.08.26"]
[Round "7.16"]
[White "Grabowski, Adam"]
[Black "Bednarski, Dawid"]
[Result "0-1"]
[WhiteElo "1952"]
[BlackElo "1822"]
[PlyCount "46"]
[EventDate "2010.??.??"]

1. e4 c5 2. Nf3 Nc6 3. d4 cxd4 4. Nxd4 Nf6 5. Nc3 e5 6. Ndb5 d6 7. Bg5 a6 8.
Na3 b5 9. Nd5 Be7 10. Be2 Nxe4 11. Be3 Rb8 12. Bf3 Ng5 13. Nf6+ Bxf6 14. Bxc6+
Ke7 15. h4 Ne6 16. g4 h6 17. Ba7 Qc7 18. Bxb8 Qxc6 19. Rh3 Qb6 20. Bxd6+ Qxd6
21. Qxd6+ Kxd6 22. O-O-O+ Ke7 23. Rc3 b4 0-1

[Event "XV Konik Morski Rewala - Open B"]
[Site "Rewal"]
[Date "2010.08.26"]
[Round "7.17"]
[White "Somyk, Marcin"]
[Black "Miechowicz, Witold"]
[Result "1/2-1/2"]
[WhiteElo "1869"]
[BlackElo "1935"]
[PlyCount "106"]
[EventDate "2010.??.??"]

1. e4 e5 2. Nf3 Nf6 3. Nxe5 d6 4. Nf3 Nxe4 5. Nc3 Nc5 6. d4 Ncd7 7. Bd3 Be7 8.
O-O Nf6 9. Re1 O-O 10. h3 Re8 11. Bg5 Nbd7 12. Qd2 c6 13. Qf4 d5 14. Ne5 Nf8
15. Re2 Ne6 16. Qh4 Nxg5 17. Qxg5 Qb6 18. Qd2 Qxb2 19. Rae1 Qa3 20. Re3 Qd6 21.
Rg3 Nh5 22. Rf3 Be6 23. g4 Nf6 24. Qf4 Nd7 25. g5 Nxe5 26. dxe5 Qd7 27. h4 Bf8
28. h5 Bg4 29. g6 fxg6 30. hxg6 Bxf3 31. gxh7+ Kh8 32. Qxf3 Bc5 33. Na4 Bb4 34.
c3 Ba3 35. c4 d4 36. Re2 Rf8 37. Qe4 Be7 38. e6 Qd6 39. Qg4 Rf4 40. Qg6 Raf8
41. Nb2 Rf3 42. Bb1 Qf4 43. Nd3 Rxd3 44. Bxd3 Bd6 45. e7 Qh2+ 46. Kf1 Qh1+ 47.
Qg1 Qxg1+ 48. Kxg1 Re8 49. Re6 Ba3 50. Re4 Bc5 51. Re5 Bd6 52. Re6 Ba3 53. Re4
Bc5 1/2-1/2

[Event "XV Konik Morski Rewala - Open B"]
[Site "Rewal"]
[Date "2010.08.26"]
[Round "7.19"]
[White "Snihur, Piotr"]
[Black "Cichy, Kamil"]
[Result "1-0"]
[WhiteElo "1731"]
[BlackElo "1900"]
[PlyCount "53"]
[EventDate "2010.??.??"]

1. e4 b6 2. d4 Bb7 3. Bd3 e6 4. Bf4 Nf6 5. Nd2 d5 6. e5 Ne4 7. f3 Nxd2 8. Qxd2
c5 9. c3 Nc6 10. Bb5 a6 11. Bxc6+ Bxc6 12. Ne2 Be7 13. O-O Bb5 14. Be3 Qd7 15.
Kh1 Bxe2 16. Qxe2 c4 17. f4 b5 18. Qf3 g6 19. f5 gxf5 20. g4 fxg4 21. Qxg4 Kd8
22. Qg7 Kc7 23. Bg5 Rae8 24. Bxe7 Kc6 25. Bf6 Qc8 26. Qxf7 Rhg8 27. Bh4 1-0

[Event "XV Konik Morski Rewala - Open B"]
[Site "Rewal"]
[Date "2010.08.26"]
[Round "7.20"]
[White "Panczuk, Joanna"]
[Black "Prazmowski, Bartosz"]
[Result "0-1"]
[WhiteElo "1651"]
[BlackElo "1893"]
[PlyCount "104"]
[EventDate "2010.??.??"]

1. e4 c6 2. d4 d5 3. exd5 cxd5 4. Bd3 Nc6 5. c3 g6 6. Nf3 Bg7 7. O-O Nf6 8. Bf4
O-O 9. Qd2 Bf5 10. Bxf5 gxf5 11. Ne5 Nxe5 12. Bxe5 Ne4 13. Qc1 f6 14. Bf4 e5
15. Bh6 Rf7 16. Bxg7 Rxg7 17. Nd2 Ng5 18. Kh1 e4 19. f4 Ne6 20. Qe1 Kh8 21. Qe3
Rg4 22. Rf2 Qc7 23. Raf1 Rag8 24. g3 h5 25. Rg1 h4 26. Rfg2 hxg3 27. hxg3 R8g7
28. Rh2+ Kg8 29. Rgg2 Qa5 30. a3 Qb5 31. Qe1 Qe8 32. Nf1 Qg6 33. Qe2 a6 34. Kg1
Kf7 35. Kh1 Rg8 36. Kg1 Ng7 37. Kf2 Nh5 38. Rxh5 Qxh5 39. Ne3 Rh8 40. Nxg4 Qxg4
41. Qxg4 fxg4 42. Ke3 Ke6 43. b3 Rh1 44. Rb2 Re1+ 45. Kf2 Rh1 46. Ke3 Rc1 47.
c4 Rc3+ 48. Kf2 Rf3+ 49. Kg2 Rd3 50. cxd5+ Kxd5 51. Kf2 Kxd4 52. Kg2 Kc3 0-1

[Event "XV Konik Morski Rewala - Open B"]
[Site "Rewal"]
[Date "2010.08.26"]
[Round "7.21"]
[White "Slabek, Grzegorz"]
[Black "Dzierzak, Radoslaw"]
[Result "1-0"]
[WhiteElo "2065"]
[BlackElo "1608"]
[PlyCount "71"]
[EventDate "2010.??.??"]

1. Nf3 Nf6 2. e3 b6 3. Be2 Bb7 4. O-O e6 5. a3 Be7 6. b4 c5 7. b5 O-O 8. Bb2 d5
9. d4 Ne4 10. Nbd2 Nd7 11. Nxe4 dxe4 12. Nd2 Bf6 13. Nc4 Qe7 14. Qc1 cxd4 15.
exd4 e5 16. dxe5 Nxe5 17. Qf4 Nd7 18. Bxf6 Nxf6 19. Ne3 Rfd8 20. c4 Bc8 21. a4
Be6 22. a5 Qc5 23. axb6 axb6 24. Rxa8 Rxa8 25. Rd1 h6 26. h3 Ra2 27. Bf1 Kh7
28. g3 Rb2 29. Bg2 Rb4 30. Bxe4+ Nxe4 31. Qxe4+ g6 32. Qf4 Bxc4 33. Qf6 Qf8 34.
Nxc4 Rxc4 35. Rd7 Rc1+ 36. Kh2 1-0

[Event "XV Konik Morski Rewala - Open B"]
[Site "Rewal"]
[Date "2010.08.26"]
[Round "7.22"]
[White "Matuszczyk, Przemyslaw"]
[Black "Dziodzio, Angelika"]
[Result "1-0"]
[WhiteElo "2059"]
[BlackElo "1820"]
[PlyCount "67"]
[EventDate "2010.??.??"]

1. e4 c5 2. Nf3 e6 3. c3 Nf6 4. Bd3 Nc6 5. Bc2 Qc7 6. d3 Be7 7. O-O O-O 8. h3
d5 9. Re1 Bd6 10. Qe2 dxe4 11. dxe4 e5 12. a4 Be6 13. Na3 a6 14. Bg5 Be7 15.
Nc4 h6 16. Bh4 b5 17. Ne3 Nd7 18. Bg3 f6 19. Nh4 Rfb8 20. Nhf5 Bf8 21. h4 Ne7
22. Nd5 Nxd5 23. exd5 Bf7 24. h5 g6 25. hxg6 Bxd5 26. g7 Bd6 27. Qg4 Kf7 28.
Nxh6+ Ke7 29. Nf5+ Kf7 30. Rad1 Qc6 31. Rxd5 Qxd5 32. Be4 Qe6 33. Bxa8 Rxa8 34.
Qh5+ 1-0

[Event "XV Konik Morski Rewala - Open B"]
[Site "Rewal"]
[Date "2010.08.26"]
[Round "7.23"]
[White "Czornik, Janusz"]
[Black "Czaja, Roman"]
[Result "0-1"]
[WhiteElo "1814"]
[BlackElo "2046"]
[PlyCount "44"]
[EventDate "2010.??.??"]

1. e4 c5 2. Nf3 d6 3. d4 cxd4 4. Nxd4 Nf6 5. Nc3 a6 6. Bg5 e6 7. f4 Nbd7 8. Qf3
Qc7 9. O-O-O b5 10. a3 Bb7 11. g4 Be7 12. Bxf6 gxf6 13. f5 e5 14. Nb3 Rc8 15.
Qg2 Nb6 16. h4 Rg8 17. Be2 d5 18. exd5 Bxa3 19. Bxb5+ axb5 20. Nxb5 Qc4 21.
Nxa3 Qxb3 22. Kb1 Bxd5 0-1

[Event "XV Konik Morski Rewala - Open B"]
[Site "Rewal"]
[Date "2010.08.26"]
[Round "7.24"]
[White "Krupa, Jerzy"]
[Black "Grabowski, Jan"]
[Result "0-1"]
[WhiteElo "1947"]
[BlackElo "1807"]
[PlyCount "58"]
[EventDate "2010.??.??"]

1. e4 e6 2. d4 d5 3. exd5 exd5 4. Nf3 Nc6 5. Be3 Nf6 6. c4 Bb4+ 7. Nbd2 O-O 8.
cxd5 Nxd5 9. Bc4 Bg4 10. O-O Bxd2 11. Qxd2 Bxf3 12. gxf3 Nb6 13. Bd3 f5 14. Bc2
Nd5 15. f4 Qf6 16. Bb3 Rad8 17. Rac1 Kh8 18. Kh1 Rfe8 19. Rg1 Qe6 20. Rg3 Qe4+
21. Kg1 Nf6 22. Bc2 Qd5 23. Rd1 Ne4 24. Bxe4 Rxe4 25. f3 Re6 26. b3 Ne7 27. Kf2
Qd6 28. Rdg1 Nd5 29. Rxg7 Rxe3 0-1

[Event "XV Konik Morski Rewala - Open B"]
[Site "Rewal"]
[Date "2010.08.26"]
[Round "7.25"]
[White "Najdzionek, Boleslaw"]
[Black "Botor, Michalina"]
[Result "1-0"]
[WhiteElo "1924"]
[BlackElo "1785"]
[PlyCount "93"]
[EventDate "2010.??.??"]

1. d4 d5 2. c4 c6 3. Nf3 Bf5 4. Nc3 Nf6 5. e3 e6 6. Be2 Bd6 7. Ne5 Nbd7 8. f4
Ne4 9. O-O Qe7 10. c5 Bxe5 11. fxe5 O-O-O 12. Bd3 f6 13. Bxe4 Bxe4 14. Nxe4
dxe4 15. exf6 gxf6 16. Qh5 Rdg8 17. Qh4 Rg6 18. Rf2 Rhg8 19. Qxe4 f5 20. Qf3
Nf6 21. Bd2 Ne4 22. Re2 Qg7 23. Be1 Ng5 24. Qf1 Ne4 25. Bc3 Qh6 26. d5 cxd5 27.
Be5 Qh5 28. Bf4 Ng5 29. Bg3 Ne4 30. Bf4 Ng5 31. Rc2 Rh6 32. Kf2 Qh4+ 33. Ke2
Rhg6 34. c6 Ne4 35. cxb7+ Kxb7 36. Kd1 Qg4+ 37. Kc1 R6g7 38. Qb5+ Ka8 39. Bc7
Nd6 40. Bxd6 Qh4 41. Bg3 Qe4 42. Qc5 Qd3 43. b3 Rd8 44. Kb2 Rb7 45. Rac1 a6 46.
Qa5 Qb5 47. Rc8+ 1-0

[Event "XV Konik Morski Rewala - Open B"]
[Site "Rewal"]
[Date "2010.08.26"]
[Round "7.26"]
[White "Polok, Robert"]
[Black "Kubica, Kamil"]
[Result "1/2-1/2"]
[WhiteElo "1795"]
[BlackElo "1917"]
[PlyCount "24"]
[EventDate "2010.??.??"]

1. e4 e5 2. Nf3 Nc6 3. Bc4 Bc5 4. c3 Nf6 5. d3 a5 6. Nbd2 d6 7. Nb3 Bb6 8. Qe2
h6 9. h3 Qe7 10. Be3 Bxe3 11. Qxe3 Be6 12. Bxe6 Qxe6 1/2-1/2

[Event "XV Konik Morski Rewala - Open B"]
[Site "Rewal"]
[Date "2010.08.26"]
[Round "7.27"]
[White "Zochowski, Kacper"]
[Black "Korcz, Daniel"]
[Result "1/2-1/2"]
[WhiteElo "1887"]
[BlackElo "1804"]
[PlyCount "113"]
[EventDate "2010.??.??"]

1. e4 e5 2. Nf3 Nc6 3. Bb5 a6 4. Ba4 Nf6 5. Qe2 Be7 6. O-O d6 7. c3 b5 8. Bc2
O-O 9. Rd1 Bg4 10. h3 Bh5 11. d3 Nd7 12. g4 Bg6 13. Nbd2 h6 14. Nf1 Bg5 15.
Nxg5 hxg5 16. Ng3 f6 17. Nf5 Ne7 18. Qf3 Qe8 19. h4 gxh4 20. Nxh4 Bf7 21. Kg2
g5 22. Nf5 Nxf5 23. Qxf5 Bg6 24. Qf3 Kg7 25. Rh1 Qe7 26. Be3 Rh8 27. Rxh8 Rxh8
28. a4 c6 29. axb5 axb5 30. Ra7 Rc8 31. Bb3 Qe8 32. Qd1 Ra8 33. Qa1 Rxa7 34.
Qxa7 Bf7 35. Bxf7 Kxf7 36. Qb7 Qe6 37. f3 d5 38. Qc8 dxe4 39. dxe4 Qd6 40. Bf2
Nf8 41. b4 Qd7 42. Qxd7+ Nxd7 43. Be3 Ke6 44. Kf2 Kd6 45. Ke2 c5 46. bxc5+ Nxc5
47. Kd2 Kc6 48. Kc2 Na4 49. Bc1 Nc5 50. Ba3 Kb6 51. Bb4 Kc6 52. Ba5 Nb7 53. Bb4
Nc5 54. Bxc5 Kxc5 55. Kb3 Kc6 56. Kb4 Kb6 57. c4 1/2-1/2

[Event "XV Konik Morski Rewala - Open B"]
[Site "Rewal"]
[Date "2010.08.26"]
[Round "7.29"]
[White "Mackiewicz, Piotr"]
[Black "Cyra, Dariusz"]
[Result "1/2-1/2"]
[WhiteElo "1764"]
[BlackElo "1874"]
[PlyCount "29"]
[EventDate "2010.??.??"]

1. d4 Nf6 2. c4 e6 3. Nf3 b6 4. Nc3 Bb4 5. Qc2 Bb7 6. Bg5 O-O 7. e3 d6 8. Be2
Nbd7 9. O-O Bxc3 10. Qxc3 a5 11. Qc2 c5 12. Rfd1 h6 13. Bh4 Qe7 14. dxc5 dxc5
15. Bg3 1/2-1/2